| 000 | 00762nam a22002657a 4500 | ||
|---|---|---|---|
| 999 |
_c82 _d82 |
||
| 001 | 004314 | ||
| 003 | CoMeUDC004314 | ||
| 005 | 20181023171117.0 | ||
| 008 | 181022b ||||| |||| 00| 0 eng d | ||
| 015 | _ack-2010-xxxx | ||
| 020 | _a9789584529084 | ||
| 040 |
_aCO-BoBLA _bspa _cCO-BoBLA |
||
| 043 | _as-ck--- | ||
| 082 | 0 | 4 |
_a863.6 _bO76e2 _221 |
| 100 | 1 |
_aOspina, William, _d1954- |
|
| 240 | 1 | 0 | _aTolima-Bibliografía regional |
| 245 | 1 | 0 |
_aEn busca de Bolívar / _cWilliam Ospina. |
| 260 | 3 |
_aBogotá : _bGrupo Editorial Norma, _c2010. |
|
| 300 |
_a253 p ; _c24 cm. |
||
| 600 | 1 | 4 |
_aBolv̕ar, Simn̤, _d1783-1830 _v Novela. |
| 650 | _aNovela colombiana. | ||
| 650 | _aLiteratura colombiana. | ||
| 942 |
_2ddc _cBK |
||
| 949 |
_ac _bc |
||